| 000 | 00525nam a22001937a 4500 | ||
|---|---|---|---|
| 003 | KOHA_MİRAKIL | ||
| 005 | 20251201082716.0 | ||
| 008 | 251201b tu ||||| |||| 00| 0 tur d | ||
| 020 | _a9786050926477 | ||
| 040 |
_aTR-AnABB _btur _cTR-AnABB |
||
| 041 | _atur | ||
| 082 |
_a323.01 _bTUR 2015 |
||
| 100 | 1 | _aTürkmen, Rıza, | |
| 245 | 1 | 0 |
_aGüçsüzlerin gücü / _cRıza Türkmen |
| 260 |
_aİstanbul : _bDoğan Kitap, _c2015 |
||
| 300 |
_a458 sayfa ; _c23 cm |
||
| 650 | 0 | 4 | _aİnsan Hakları |
| 942 |
_2ddc _cBK |
||
| 999 |
_c9682 _d9682 |
||
| 900 | _bGizem YORULMAZ | ||